000 00443cam a2200157ua 4500
003 OSt
008 221122b |||||||| |||| 00| 0 eng d
041 _aeng
082 _a425
_bBER/EN
100 _aBerkoff, N A .
_95314
245 _aEnglish stricture and excercises for university students studying english as a foriegn language /
250 _a1 /
260 _aLondon :
_bAllman and son ltd ,
_c1963.
300 _a142 ; .
942 _cBK
999 _c8531
_d8531